| 000 | 00588nam a22001817a 4500 | ||
|---|---|---|---|
| 008 | 230705b |||||||| |||| 00| 0 eng d | ||
| 020 | _a81-7000-224-9 | ||
| 040 |
_aNational Science Library _cNational Science Library |
||
| 080 |
_aD 023 _bN8 |
||
| 100 | _aSehgal, R L | ||
| 245 | _aपुस्तकालय संगठन एवं प्रशासन | ||
| 246 | _aLibrary administration and organisation | ||
| 250 | _a2nd ed. | ||
| 260 |
_aNew DelhI: _bEss Ess Publications, _c1998 |
||
| 300 | _a313p. | ||
| 650 | _aLibrary and information science | ||
| 942 |
_2udc _cHBK |
||
| 999 |
_c51000 _d51000 |
||